000
00315nam a2200121Ia 4500
008
230511s1964 xx 000 0 und d
041
_a
eng
082
_a
348.041
100
_a
Ratanlal Ranchodas
245
_a
Bombay Law Repoter 1964
260
_a
Mumbai
_b
Bombay Law Reporter
_c
1964
906
_a
High Court Cases
999
_c
353867
_d
353867